000 00855nmm a2200265 a 4500
001 ocm000604946
003 TR-IsHL
005 20201028133133.0
008 131121s2006 tu tur
007 cr cn
020 _a9789758845200
035 _a604946
_b(N$T)
050 0 4 _aDS22
_b.T45 2006
090 0 4 _aDS22
_b.T45 2006
100 1 _aTektaş, Nazım
245 1 0 _aCengiz Han: cehennemden gelen adam
_h[electronic resource] /
_cNazım Tektaş
260 _aİstanbul :
_bÇatı Kitapları,
_c2006
300 _a312 p.
650 4 _aTarih
650 4 _aHistory
650 0 _aMoğollar
_x Krallar ve hükümdarlar
_x Biyografi
650 0 _aMongols
_x Kings and rulers
_x Biography.
650 7 _aHISTORY / Asia / General
_2bisacsh
856 4 0 _uhttp://search.ebscohost.com/login.aspx?direct=true&scope=site&db=e011xww&AN=604946
999 _c5474
_d5474